000 00222nam a22000857a 4500
008 161022b xxu||||| |||| 00| 0 eng d
100 _9939
_aVerma.R.
245 _aScience-CCE-XI
260 _aNew Delhi
_bS. Chand Publications
_c2012
999 _c3593
_d3593